[Event "Candidates Tournament Gp2"]
[Site "Dortmund"]
[Date "2002.07.07"]
[Round "2"]
[White "Bareev, Evgeny"]
[Black "Leko, Peter"]
[Result "1-0"]
[WhiteElo "2726"]
[BlackElo "2717"]
[Annotator "Golod,V"]
[PlyCount "73"]
[EventDate "2002.07.06"]
[EventType "tourn"]
[EventRounds "6"]
[EventCountry "GER"]
[EventCategory "20"]
[SourceTitle "CBM 090"]
[Source "ChessBase"]
[SourceDate "2002.09.20"]
[SourceVersion "1"]
[SourceVersionDate "2002.09.20"]
[SourceQuality "1"]

1. d4 Nf6 2. c4 e6 3. Nc3 Bb4 4. Qc2 O-O 5. a3 Bxc3+ 6. Qxc3 b6 7. Bg5 Bb7 8.
e3 d6 9. f3 h6 10. Bh4 Nbd7 11. Bd3 c5 12. Ne2 Rc8 13. O-O $5 {Besides,white
has three options:} (13. b4 $143 d5 $1 $11 {See comments to Schandorff,
L-Hansen,C/Taastrup,1998/CBM 65(1/2-1/2)(Golod,V)(35)}) (13. Qd2 $5 {See
comments to Lautier,J-Psakhis,L/Baden-Baden,1992/CBM 33(0-1)(Ftacnik,L)(61)}) (
{and} 13. Qb3 $5 {See comments to Ivanov,S-Chepukaitis,G/St Petersburg,2000/
CBM 77(0-1)(Golod,V)(60)}) 13... Ba6 $5 {[%mdl 4]} ({Is a possible
continuations of the play:} 13... d5 14. cxd5 Nxd5 $140 15. Qe1 $1 {+/=/= You
can see comments to Chabanon,J-Levin,F/Bad Endbach,1995/CBM 47(1-0)(Baburin,A)
(49)}) (13... cxd4 $5) (13... Re8 $5) ({and} 13... Qe7 $6) 14. b4 $5 ({Were
checked in the preceding games:} 14. b3 {See comments to Granda Zuniga,
J-Almasi,Z/Buenos Aires,1996/Inf 66/461 (1/2-1/2)(Almasi,Z)(74)}) (14. d5 $6
Ne5 $2 (14... exd5 $5 15. cxd5 $140 c4 16. Bc2 Nxd5 17. Qd4 N5f6 $11) 15. e4
Nxd3 16. Qxd3 {+/=/+/- Whiteley,A-Cafferty,B/Blackpool,1971(1/2-1/2) (25)}) (
14. Rac1 $6 cxd4 15. exd4 (15. Qxd4 $143 Nc5 16. Bc2 d5 $36 {[%csl Re2]}) 15...
b5 $132 {Pekarek,A-Hansen,C/Prague,1989(0-1)(24)}) ({and} 14. a4 $6 cxd4 15.
exd4 d5 $11 {Granda Zuniga,J-Georgiev,K/Groningen,1993(0-1)(44)}) 14... cxd4 $6
({From my point of view,it is necessary to react by game in the centre:} 14...
d5 {on the previous move of black.}) 15. Qxd4 Ne5 $146 {[%csl Rc4]} ({It
deserves attention:} 15... d5 16. b5 dxc4 17. Bxc4 e5 {1/2-1/2 Whiteley,
A-Wells,P/London,1985(17)} (17... Bb7 $5) 18. Qd3 {+/=/=}) 16. b5 Nxd3 {
Can it was not necessary to hasten with this exchange.} (16... Bb7 $5 17. Rad1
Qe7 18. f4 $140 Nxd3 19. Rxd3 d5 20. cxd5 Bxd5 $14 {[%cal Gc8c4]}) 17. Qxd3 Bb7
18. e4 $14 Qc7 ({After:} 18... Qe7 {[%csl Rf6,Gh4] it will be very heavy to be
untied from unpleasant pressure on /^ h4-d8.}) 19. Rac1 {[%csl Rc7]} ({
Senselessly:} 19. Bxf6 gxf6 20. Rac1 Qc5+ 21. Kh1 Qe5 $13) 19... Rfd8 20. Rfd1
Rd7 {A little passively.It was possible to try to play more actively:} (20...
Qc5+ 21. Bf2 (21. Kh1 $143 Qh5 22. Bg3 Ne8 {[%cal Gd6d5]}) 21... Qg5 $14) 21.
a4 Qc5+ $6 {Idea to penetrate on a point "b4" is connected to the roughest
miscalculation.} (21... Nh7 $142 {[%cal Yh7f8,Yf8g6]}) 22. Bf2 Qb4 $2 {[%mdl
8192] It was better to return:} (22... Qc7 $14) 23. Qc2 $1 $16 {[%csl Rb4]
[%cal Ge2f4,Gf4d3,Gc4c5] The main idea of white: to play on the next move:
"c5" and then to catch the black queen.} d5 ({Also leads to big advantage of
white:} 23... Rdc7 24. c5 Rxc5 (24... bxc5 $4 25. Be1 Qa3 26. Rd3 $18) 25. Bxc5
Rxc5 26. Qd3 $16) 24. c5 {[%mdl 64]} Rdc7 (24... bxc5 $2 {is refuted by:} 25.
e5 $18 {[%csl Rb4,Rd7][%cal Gf2e1,Gd1d3,Gd3a3]} (25. Be1 $2 Qc4)) (24... dxe4
$143 25. Rxd7 Nxd7 26. c6 Nb8 27. Be1 Qd6 28. Qxe4 $16) 25. c6 $1 ({Much worse
is:} 25. e5 Nd7 (25... Rxc5 $5) 26. c6 Bxc6 27. Rd4 Qe7 28. bxc6 Nxe5 $44 {
[%csl Rc6]}) 25... Bxc6 $140 ({After:} 25... Ba8 26. e5 Nh7 27. Nd4 {[%csl Ga4,
Ra8,Gb5,Gc6,Gd4,Ge5,Gf2,Rh7] further resistance is impossible.}) 26. Bg3 {
[%csl Rc6,Yc7][%cal Yc7c6] The important intermediate move!} Bxb5 27. Bxc7 Rxc7
$8 ({Loses right away:} 27... Bxa4 28. Qd2 Qxd2 29. Rxd2 dxe4 30. fxe4 Nxe4 31.
Rd4 Nc5 32. Bxb6 $1 axb6 33. Rxa4 {[%csl Rc8]}) 28. Qxc7 Bxe2 29. Re1 Bc4 (
29... Bd3 $143 30. e5 Nh5 31. Qc3 $18) 30. Qxa7 h5 $2 ({More stubborn
resistance after:} 30... dxe4 31. Rb1 (31. fxe4 $6 Qc5+ 32. Kh1 Ng4 33. Qb8+
Kh7 34. h3 Nf2+ 35. Kh2 Nd3 {[%csl Rc1,Re1]}) 31... Qc5+ 32. Kh1 exf3 33. Qa8+
Kh7 34. Qxf3 $16) 31. e5 $18 {[%csl Yf6,Rh5][%cal Yf6h5]} Nh7 32. Rb1 Bb3 33.
Kh1 $1 {[%csl Rb3][%cal Ge1e3] It's much better,than:} (33. Re3 Qd4 34. Qb8+
Nf8 35. Rbxb3 Qd1+ 36. Kf2 Qc2+ {[%csl Rb3]} 37. Kg3 Qg6+ 38. Kh3 Qf5+ 39. g4
hxg4+ 40. fxg4 Qf1+ 41. Kg3 Qg1+) 33... Qxa4 34. Qxb6 Bc2 35. Qd8+ Nf8 36. Rb8
Qa3 37. Qd6 1-0

[Event "FIDE World Cup"]
[Site "Khanty-Mansiysk"]
[Date "2005.12.01"]
[Round "2.2"]
[White "Bareev, Evgeny"]
[Black "Naiditsch, Arkadij"]
[Result "1-0"]
[WhiteElo "2675"]
[BlackElo "2641"]
[Annotator "Golod,V"]
[PlyCount "105"]
[EventDate "2005.11.27"]
[EventType "k.o."]
[EventRounds "7"]
[EventCountry "RUS"]
[SourceTitle "CBM 111"]
[Source "ChessBase"]
[SourceDate "2006.04.04"]
[SourceVersion "1"]
[SourceVersionDate "2006.04.04"]
[SourceQuality "1"]

1. d4 Nf6 2. c4 e6 3. Nc3 Bb4 4. Qc2 O-O 5. a3 Bxc3+ 6. Qxc3 b6 7. Bg5 Bb7 8.
e3 d6 9. Ne2 Nbd7 10. Qc2 ({Nowadays, more popular is:} 10. Qd3 $5) 10... h6
11. Bh4 c5 12. Rd1 $5 {I recommended this move in my comments to the game:
Kacheishvili,G-Polgar,J/Batumi,1999(0-1)(33), in which a doubtful continuation
was checked: 12.dxc5} cxd4 $146 {Black makes the right decision by exchanging
the pawns in the center, as he has better development, Black will start a
comfortable piece play.} (12... Qe7 $6 13. Nc3 Rac8 14. d5 e5 15. Bd3 Rfe8 16.
f3 $14 {Slavina,I-Porat,I/Budapest,2005(1-0)(38)}) 13. Nxd4 ({After the
doubtful recapture:} 13. exd4 d5 $1 {only White can have problems equalizing
the position.}) 13... Qe7 ({This deserves serious attention:} 13... a6 $5 {
><b5; /\Rc8}) 14. Nb5 {Otherwise, Black was planning to play on his next move:
"Rfc8" and then "d5" with an excellent game!} d5 15. cxd5 Bxd5 16. Nc7 Rac8 {
Black gives his second bishop for his opponent's knight, but in return he gets
time to develop his pieces.} 17. Nxd5 exd5 18. Qb1 {White had an additional
opportunity:} (18. Qf5 Qe6 19. Bd3 (19. Qxe6 fxe6 {[%csl Rb2][%cal Gc8c2]} 20.
Bd3 Nc5 $11) 19... Nc5 20. O-O Nfe4 $132) 18... Nc5 19. Bxf6 {Perhaps it was
better not to hurry with this exchange, but first to invite the knight on "e4":
} (19. Be2 $5 Nce4 20. Bxf6 $1 (20. O-O $2 g5 $1 21. Bg3 h5 $36 {[%csl Re3,Rg3]
[%cal Gh5h4]}) 20... Qxf6 21. O-O {+/=/=}) 19... Qxf6 20. Be2 (20. Rxd5 $6 {
leads to favourable complications for Black:} Nb3 $1 {/\Rc1+} (20... Na4 $2 21.
Rd4 {[%csl Ra4,Yd4][%cal Yd4a4]}) 21. Rd1 Qe5 {/\Qa5+} (21... Qg5 $5 {/\Qa5+;
קg2} 22. Qe4 Rfd8 23. Bd3 g6 $44) 22. Bd3 Qa5+ 23. Ke2 Rfe8 $44) 20... Rcd8 {
[%cal Ce2f3,Cf3d5] Now Arkadij Naiditsch gets the chance to get rid of his
isolated "d5" pawn.} 21. O-O (21. Rd4 $6 Ne6 {/\d4}) 21... d4 22. exd4 Rxd4 23.
Rxd4 Qxd4 24. Rd1 {+/=/= Of course White has a slight positional advantage.
His bishop is stronger than Black's knight. But as seen in practice, it is
very hard to transform this slight advantage to something more realistic.} Qf6
25. Bc4 {Evgeny Bareev puts his bishop on the best square on /^a2-g8, but for
that, Black manages to exchange the last pair of rooks:} Rd8 26. Rxd8+ (26. Re1
$143 Na4 27. b3 Nc3 28. Qc2 b5 $11) 26... Qxd8 27. Qe1 Kf8 {Black is ready to
put his queen on the ideal square - "d4". And so White has to prevent it:} 28.
Qe5 Qd1+ 29. Bf1 Qd7 30. g3 Kg8 31. h4 {White improves his pawn structure with
every chance he gets.} Ne6 32. b4 g6 33. Bh3 h5 {Black isn't afraid to
transfer to a queen's ending. And for White this is the best thing he can get
out of the position.} 34. Bxe6 fxe6 35. b5 {+/=/= It is necessary to limit the
pawns on the opponent's queenside.} Kf7 36. Qf4+ Ke7 37. Qb4+ Kf7 38. Qf4+ Ke7
39. Qb4+ {White gains time, and this way gets to his first time control.} Kf7
40. a4 Qd1+ 41. Kh2 Qg4 42. Qb3 ({After:} 42. Qxg4 $4 hxg4 43. Kg2 Kf6 {
White already has to look for a way to not lose. And probably he will not find
it.}) 42... Ke7 43. Qc2 Qd4 44. Kg2 Kf6 45. Kf3 Qd5+ 46. Qe4 Qd1+ 47. Kg2 Qd5
$6 {Transfering to a pawn endgame does not lose, but considerably complicates
the defense. In this and part of the annotations, i'll use comments of GM
Sergei Shipov (from the site www.chesspro.ru). For further comments, Sergei
Shipov - "S.S".} (47... Qg4 $5 {"S.S"}) 48. Qxd5 exd5 49. Kf3 Ke5 ({"S.S" This
also lead to draw:} 49... Kf5 50. Ke3 Ke5 51. Kd3 Ke6 $1) 50. Ke3 d4+ $4 {
This painful blunder leads to an immediate loss.} ({"S.S"} 50... Ke6 $1 51. Kd4
Kd6 52. f3 Ke6 {White can't get any progress, due to:} 53. g4 $4 {this leads
to a loss in the counter break:} g5 $1 $19) 51. Kd3 Kd5 52. f3 Ke5 $2 {"S.S"
Was shocked. In an long, and absolutely forced variation:} (52... Kc5 $8 53. g4
Kd5 54. gxh5 gxh5 55. f4 Kc5 56. f5 Kd5 57. f6 Ke6 58. Kxd4 Kxf6 59. Kd5 Kf5
60. Kc6 Kg4 61. Kb7 Kxh4 62. Kxa7 Kg4 63. a5 h4 $8 64. axb6 h3 65. b7 h2 66.
b8=Q h1=Q 67. Qc8+ {White got a theoretically won endgame (with mate in 33
moves).}) 53. Kc4 $1 {[%csl Gc4,Rd4] Now Black loses a pawn, and any chance of
saving himself.} 1-0

[Event "Poikovsky Karpov 07th"]
[Site "Poikovsky"]
[Date "2006.03.26"]
[Round "8"]
[White "Bareev, Evgeny"]
[Black "Bologan, Viktor"]
[Result "1-0"]
[WhiteElo "2698"]
[BlackElo "2661"]
[Annotator "Hazai,L"]
[PlyCount "105"]
[EventDate "2006.03.18"]
[EventType "tourn"]
[EventRounds "9"]
[EventCountry "RUS"]
[EventCategory "18"]
[SourceTitle "CBM 112"]
[Source "ChessBase"]
[SourceDate "2006.06.07"]
[SourceVersion "1"]
[SourceVersionDate "2006.06.07"]
[SourceQuality "1"]

1. d4 {Ftacnik} Nf6 2. c4 g6 3. Nc3 Bg7 4. e4 d6 5. Be2 O-O 6. Bg5 h6 (6... c5
7. d5 h6 {allows} 8. Bf4 {although after} e6 $1 9. dxe6 Bxe6 10. Bxd6 Re8 {
Black has a good piece play for the sacrificed P.}) (6... Na6 {is the main
line these days.}) 7. Be3 c5 8. e5 $1 {This is the critical answer.} ({In case
of} 8. d5 {Black has avoided the Bf4 line.}) 8... dxe5 9. dxe5 Qxd1+ 10. Rxd1
Ng4 11. Bxc5 Nxe5 12. Nd5 {Black has got back the P, but White still has the
somewhat better chances in the _|_.} Nbc6 (12... Na6 {is the other main
continuation, see Bagirov-Delchev, Batumi 2002 CBM 90.}) 13. f4 (13. Nf3 Be6
14. b3 Rfd8 {and at least Black has finished his development.} 15. O-O Rd7 16.
Nxe5 (16. Nf4 Bf5 17. Nxe5 Bxe5 {and Black's pieces are active enough.} 18.
Rxd7 Bxd7 19. Rd1 Rd8 20. Nd5 Kf8 $11 {Petursson-Piket, Wijk aan Zee 1990})
16... Bxe5 17. f4 Bg7 18. Bf3 $14 {with only slightly better chances on the <<.
}) (13. b3 Be6 14. Nf3 {- 13.Nf3} (14. Nc7 Rad8 15. Nxe6 fxe6 {White has the
^^ and the better P structure, but he lacks development.} 16. Nf3 b6 17. Be3
Nxf3+ 18. Bxf3 Bc3+ 19. Ke2 Nd4+ 20. Bxd4 Rxd4 {1/2:1/2 Khalifman-Yurtaev,
Riga 1988})) (13. Bxe7 Nxe7 14. Nxe7+ Kh7 15. Nxc8 Raxc8 {gives Black again a
good counterplay in view of the better development and the ^-.} 16. b3 Rfe8 17.
Kf1 Rcd8 18. Rxd8 Rxd8 19. f4 Nc6 20. Nf3 Nb4 21. Kf2 Nxa2 22. Rd1 Rxd1 23.
Bxd1 Nb4 24. Ne5 Kg8 25. Bf3 b6 26. Nc6 {1/2-1/2 Roeder-Arizmendi Martinez,
Ubeda 2000}) 13... Ng4 14. Bf3 (14. h3 Nf6 15. Bf3 Bf5 $1 (15... Nd7 $2 {
is simply too passive:} 16. Bxe7 Re8 17. Ne2 Bxb2 (17... Nxe7 18. Nc7 $16) (
17... Rxe7 18. Nxe7+ Nxe7 19. Bxb7 Bxb7 20. Rxd7 $16) 18. Bd6 Nb6 19. Nc7 Bf5
20. Nxa8 Rxa8 21. g4 $16 {Shereshevsky-Dementiev, SU 1976 22/736}) (15... Be6
16. Nc7 Rac8 17. Nxe6 fxe6 18. Ba3 e5 19. fxe5 Nxe5 20. b3 Rc7 21. Bb2 Nh7 (
21... Nxf3+ 22. Nxf3 $14 {and White's << P majority yields him the slight edge.
}) 22. Bd5+ Kh8 23. Ke2 $14 {Grigorov-Banikas, Kavala 2005}) 16. Ne2 $5 (16. g4
{White cannot force the B back.} Bc2 $1 17. Rd2 Ne4 {= ECO} 18. Bxe4 Bxe4 {^^}
19. Rhh2 Rfd8 20. Rhe2 Bb1 21. Nc3 Bd3 22. Bxe7 Nxe7 23. Rxe7 Re8 24. Rxe8+
Rxe8+ 25. Kf2 Bxc4 $17 {Bai Min-Chen De, China ch 1987}) 16... Bc2 (16... Rfc8
17. b3 e5 18. fxe5 Nxd5 19. Bxd5 Nxe5 20. Bd4 Nc6 21. Bxg7 Kxg7 22. g4 $16 {
and this time the B has no good squares, Raetsky-Umbach, Zuerich 2002.}) 17.
Rc1 Bd3 18. Kf2 Ne4+ 19. Bxe4 Bxe4 20. Ng3 Bxd5 (20... Bd3 21. b3 Rfd8 22.
Nxe7+ Nxe7 23. Bxe7 Re8 24. Bc5 Rac8 25. Be3 $14 {White is a healthy P up,
althogh Black's ^^ is very strong, Onischuk-Forster, Mamaia 1991.}) 21. cxd5
Bd4+ 22. Kf3 Bxc5 23. dxc6 Bb6 24. cxb7 Rab8 25. Rhd1 Rxb7 {and Black can hold
the _|_.}) 14... Bf5 15. Ne2 Rfd8 16. Ng3 $1 (16. h3 Nf6 17. Ng3 (17. O-O Bc2
18. Rd2 Ne4 19. Bxe4 Bxe4 20. Rfd1 Bf8 {This is the cold-blooded defence.} 21.
Nec3 Bxd5 22. Nxd5 Kg7 $11 {Norri-Kotronias, Moscow 1994}) 17... Bc2 $1 18. Rd2
(18. Nxe7+ Nxe7 19. Rxd8+ Rxd8 20. Bxe7 {wins the P, but Black's pieces are
too active.} Rd7 21. Bc5 b6 22. Bf2 Nh7 {1/2-1/2 Alexandrova-Kovalev, Alushta
2003}) (18. Rc1 Bd3 19. Nb4 Nxb4 20. Bxb4 h5 $36 {Zakharevich-Yurtaev, Samara
2002}) 18... Bb1 19. b3 Nxd5 20. cxd5 Bc3 $13 {Bareev-Yurtaev, Moscow 1990 50/
617}) (16. O-O Bxb2 17. h3 Nf6 18. Rd2 Nxd5 19. cxd5 Bf6 20. dxc6 Rxd2 21. cxb7
Rb8 22. Bxa7 Rxb7 23. Bxb7 Rxa2 $15 {winning back the piece, Kalygin-Svirjov,
Alushta 2003.}) 16... e6 17. h3 Nf6 18. Ne7+ (18. Nxf5 gxf5 19. Nxf6+ (19. Ne7+
Nxe7 20. Bxe7 Rxd1+ 21. Kxd1 Ne4 $132) 19... Bxf6 20. Bxc6 bxc6 21. b3 {
with a somewhat better P structure for White.}) 18... Nxe7 19. Bxe7 Rxd1+ 20.
Kxd1 Bb1 {Ftacnik: 'Bologan has got carried away with the ambition to play for
win, since the enemy has not brought the rook h1 into play yet.'} 21. b3 Re8 $6
{This is just a waste of time.} (21... Bxa2 $1 {is the brave move, the B
cannot be captured.} 22. Kc2 a5 23. Ra1 Nd5 $1 24. Rxa2 Nxe7 25. Bxb7 Ra7 26.
Bf3 Bd4 $11 {and the ^- helps Black for achievening the draw.}) 22. Bxf6 Bxf6
23. Kc1 Bxa2 {'?' Ftacnik. Good or bad, this is the only chance. Ftacnik: 'In
a legendary first game in Reykjavik 1972 Fischer took the pawn h2 against
Spassky and due to the later innacurate play he lost the bishop and the whole
point. Bologan is toying with fire, since one serious mistake could already be
terminal. '} (23... Bf5 24. Bxb7 $16 {with a healthy P up.}) (23... Bh4 $1 {
Ftacnik} 24. Kxb1 Bxg3 25. Bxb7 Re7 26. Bf3 Bxf4 $11) 24. Kc2 {Black has now
difficulties with his trapped B on a2.} b5 (24... a5 {Ftacnik} 25. Ne4 Bg7 26.
Nc3 Bxc3 27. Kxc3 a4 28. bxa4 Rc8 29. Kb2 Bxc4 30. Rc1 g5 31. Be2 Bxe2 32.
Rxc8+ $16) 25. Ne4 (25. Bc6 {Ftacnik} Rb8 26. Ne4 (26. Bxb5 Bxb3+ 27. Kxb3 a6
$11) 26... Bg7 (26... Be7 27. cxb5 a6 28. Ra1 $18) 27. Bxb5 Bxb3+ 28. Kxb3 a6
29. Kb4 axb5 30. cxb5 $14) 25... Bg7 26. Nd6 (26. Nc3 {Ftacnik} Bxc3 27. Kxc3
bxc4 28. bxc4 Rc8 29. Be2 Rb8 30. Ra1 Rb3+ 31. Kc2 Re3 32. Kd2 Rxe2+ 33. Kxe2
Bxc4+ 34. Ke3 $14) 26... Rf8 $2 {This looks passive.  Ftacnik: 'The artificial
retreat serves as a prove, that the defender has probably missed 26...Rd8 27.
c5! with white win. '} (26... Rd8 $1 27. Nxb5 (27. c5 {'!' Ftacnik.} a5 (27...
Bf8 $2 {Ftacnik} 28. Rd1 $18) (27... Rd7 {Ftacnik} 28. Nxb5 a6 29. c6 $18) 28.
c6 {Ftacnik} Bxb3+ 29. Kxb3 Rxd6 30. Rd1 $1 $18) 27... Rb8 28. Rd1 {Ftacnik} a6
29. Nd4 Kf8 30. Ra1 Bxb3+ 31. Nxb3 Rxb3 32. Kxb3 Bxa1 $15) 27. cxb5 Rb8 (27...
Rd8 {looks again more active.}) 28. Re1 Bf8 29. Nb7 Bg7 30. Bc6 Rc8 31. Nc5 (
31. Re4 a6 32. Ra4 axb5 33. Ra6 {and the B is still trapped!}) 31... Rd8 32.
Na6 Rd4 33. Re4 Rxe4 34. Bxe4 Bf8 35. Kb2 {and finally the trapped B is lost
and same goes for the game as well.} Bxb3 36. Kxb3 $18 Bd6 37. g3 g5 38. fxg5
hxg5 39. g4 Kf8 40. Kc4 Ke8 41. Nb4 Bh2 42. Nc6 Bg1 43. Kb4 Bb6 44. Ne5 Ke7 45.
Bc2 Ke8 46. Nc4 Ke7 47. Nxb6 axb6 48. Kc4 Kd6 49. Kd4 f6 50. Ke4 Ke7 51. Bd3
Kd6 52. Bc4 Ke7 53. Kf3 1-0